[Event "Deutsche Ländermeisterschaft 2023"]
[Site "Hannover GER"]
[Date "2023.10.02"]
[Round "3"]
[White "Weihrauch, Jakob"]
[Black "Dauner, Benedikt"]
[Result "0-1"]
[Termination "normal"]
[Board "5.1"]
[WhiteTitle "FM"]
[BlackTitle "FM"]
[WhiteElo "2308"]
[BlackElo "2385"]
[WhiteClock "00:01:01"]
[BlackClock "00:01:21"]
[WhiteTeam "Hamburg"]
[BlackTeam "Baden"]
[PlyCount "82"]
[WhiteFideId "16210115"]
[BlackFideId "16225899"]
[EventCountry "GER"]
[EventRounds "7"]
[EventType "team-swiss"]
[EventDate "2023.09.30"]

1. e4 {[%clk 01:30:58]} {[%emt 00:00:02]} c5 {[%clk 01:30:52]} {[%emt
00:00:08]} 2. Nf3 {[%clk 01:31:21]} {[%emt 00:00:08]} Nc6 {[%clk 01:31:01]}
{[%emt 00:00:20]} 3. d4 {[%clk 01:31:43]} {[%emt 00:00:09]} cxd4 {[%clk
01:31:24]} {[%emt 00:00:06]} 4. Nxd4 {[%clk 01:32:08]} {[%emt 00:00:05]} Nf6
{[%clk 01:31:45]} {[%emt 00:00:08]} 5. Nc3 {[%clk 01:32:32]} {[%emt 00:00:06]}
e5 {[%clk 01:30:37]} {[%emt 00:01:37]} 6. Ndb5 {[%clk 01:32:56]} {[%emt
00:00:07]} d6 {[%clk 01:30:42]} {[%emt 00:00:25]} 7. Bg5 {[%clk 01:32:00]}
{[%emt 00:01:26]} a6 {[%emt 00:00:32]} 8. Na3 {[%emt 00:00:01]} b5 {[%clk
01:30:49]} {[%emt 00:00:19]} 9. Nab1 {[%clk 01:32:12]} {[%emt 00:00:49]} Be7
{[%clk 01:29:42]} {[%emt 00:01:37]} 10. Bxf6 {[%clk 01:31:19]} {[%emt
00:01:23]} Bxf6 {[%clk 01:29:48]} {[%emt 00:00:23]} 11. a4 {[%clk 01:31:39]}
{[%emt 00:00:11]} Nd4 {[%clk 01:27:16]} {[%emt 00:03:01]} 12. Bd3 {[%clk
01:30:14]} {[%emt 00:01:55]} Rb8 {[%clk 01:23:54]} {[%emt 00:03:51]} 13. axb5
{[%clk 01:21:35]} {[%emt 00:09:10]} axb5 {[%clk 01:24:00]} {[%emt 00:00:23]}
14. Nd5 {[%clk 01:21:30]} {[%emt 00:00:36]} O-O {[%clk 00:52:06]} {[%emt
01:25:37]} 15. O-O {[%clk 01:12:47]} Be6 {[%clk 00:38:37]} 16. c3 {[%clk
01:04:12]} Nc6 {[%clk 00:38:29]} 17. Qe2 {[%emt 00:00:02]} Bxd5 18. exd5 {[%clk
01:04:14]} Ne7 {[%clk 00:34:58]} 19. f4 {[%clk 00:55:58]} b4 {[%clk 00:33:28]}
20. Qe4 {[%clk 00:48:16]} {[%emt 00:04:04]} Ng6 {[%clk 00:30:36]} {[%emt
00:03:22]} 21. f5 {[%clk 00:47:32]} {[%emt 00:01:16]} Nf4 {[%clk 00:29:28]}
{[%emt 00:01:38]} 22. Bc2 {[%clk 00:39:42]} {[%emt 00:08:20]} bxc3 {[%clk
00:28:56]} {[%emt 00:01:02]} 23. bxc3 {[%clk 00:39:53]} {[%emt 00:00:19]} Rb2
{[%clk 00:26:17]} {[%emt 00:03:08]} 24. Ra6 {[%clk 00:19:02]} {[%emt 00:21:21]}
Qb8 {[%clk 00:22:25]} {[%emt 00:04:22]} 25. Na3 {[%clk 00:12:08]} {[%emt
00:07:25]} Qb7 {[%clk 00:21:49]} {[%emt 00:01:05]} 26. Ra4 {[%clk 00:07:42]}
{[%emt 00:04:57]} Nxd5 {[%clk 00:19:19]} {[%emt 00:02:59]} 27. Nc4 {[%clk
00:06:49]} {[%emt 00:01:24]} Nxc3 {[%clk 00:17:44]} {[%emt 00:02:04]} 28. Qxb7
{[%clk 00:06:38]} {[%emt 00:00:42]} Rxb7 {[%clk 00:18:06]} {[%emt 00:00:08]}
29. Ra3 {[%clk 00:06:21]} {[%emt 00:00:47]} Rc7 {[%clk 00:05:23]} {[%emt
00:13:12]} 30. Rxc3 {[%clk 00:03:42]} {[%emt 00:03:11]} e4 {[%clk 00:05:26]}
{[%emt 00:00:26]} 31. Re3 {[%clk 00:00:40]} {[%emt 00:03:32]} Rxc4 {[%clk
00:05:43]} {[%emt 00:00:12]} 32. Bb3 {[%clk 00:01:01]} {[%emt 00:00:10]} Rd4
{[%clk 00:05:14]} {[%emt 00:00:59]} 33. Rc3 {[%clk 00:00:46]} {[%emt 00:00:46]}
d5 {[%clk 00:04:52]} {[%emt 00:00:52]} 34. Rc7 {[%clk 00:00:37]} {[%emt
00:00:39]} Rd8 {[%clk 00:02:51]} {[%emt 00:02:30]} 35. Rfc1 {[%clk 00:00:35]}
{[%emt 00:00:33]} h5 {[%clk 00:01:29]} {[%emt 00:01:52]} 36. Rc8 {[%clk
00:00:37]} {[%emt 00:00:28]} Kh7 {[%clk 00:00:47]} {[%emt 00:01:12]} 37. R8c7
{[%clk 00:00:55]} {[%emt 00:00:12]} Rb8 {[%clk 00:00:46]} {[%emt 00:00:31]} 38.
Bd1 {[%clk 00:01:16]} {[%emt 00:00:10]} Rd2 {[%clk 00:00:46]} {[%emt 00:00:30]}
39. R7c2 {[%clk 00:00:35]} {[%emt 00:01:11]} Rxc2 {[%clk 00:01:09]} {[%emt
00:00:07]} 40. Rxc2 {[%clk 00:00:34]} {[%emt 00:00:31]} Rb1 {[%clk 00:01:09]}
{[%emt 00:00:29]} 41. Rd2 {[%clk 00:01:01]} {[%emt 00:00:04]} e3 {[%clk
00:01:21]} {[%emt 00:00:18]} 0-1

[Event "Deutsche Ländermeisterschaft 2023"]
[Site "Hannover GER"]
[Date "2023.10.02"]
[Round "3"]
[White "Nied, Pascal"]
[Black "Avdic, Faris"]
[Result "1/2-1/2"]
[Termination "normal"]
[Board "5.2"]
[WhiteElo "2156"]
[BlackElo "2106"]
[WhiteClock "00:01:19"]
[BlackClock "01:25:25"]
[WhiteTeam "Baden"]
[BlackTeam "Hamburg"]
[PlyCount "103"]
[WhiteFideId "16260597"]
[BlackFideId "14422328"]
[EventCountry "GER"]
[EventRounds "7"]
[EventType "team-swiss"]
[EventDate "2023.09.30"]

1. e4 {[%clk 01:30:56]} {[%emt 00:00:03]} e6 {[%clk 01:30:36]} {[%emt
00:00:25]} 2. d4 {[%clk 01:31:21]} {[%emt 00:00:04]} d5 {[%clk 01:31:00]}
{[%emt 00:00:06]} 3. Nd2 {[%clk 01:31:47]} {[%emt 00:00:04]} c5 {[%clk
01:31:24]} {[%emt 00:00:07]} 4. exd5 {[%clk 01:32:09]} {[%emt 00:00:08]} Qxd5
{[%clk 01:31:44]} {[%emt 00:00:09]} 5. Ngf3 {[%clk 01:32:34]} {[%emt 00:00:06]}
cxd4 {[%clk 01:32:02]} {[%emt 00:00:12]} 6. Bc4 {[%clk 01:32:59]} {[%emt
00:00:05]} Qd7 {[%clk 01:32:19]} {[%emt 00:00:12]} 7. O-O {[%clk 01:33:08]}
{[%emt 00:00:22]} Nc6 {[%clk 01:32:42]} {[%emt 00:00:07]} 8. Nb3 {[%clk
01:33:21]} {[%emt 00:00:17]} Nf6 {[%clk 01:33:01]} {[%emt 00:00:10]} 9. Nbxd4
{[%clk 01:32:59]} {[%emt 00:00:54]} Nxd4 {[%clk 01:33:19]} {[%emt 00:00:11]}
10. Nxd4 {[%clk 01:33:23]} {[%emt 00:00:06]} Qc7 {[%clk 01:32:58]} {[%emt
00:00:51]} 11. Bd3 {[%clk 01:29:20]} {[%emt 00:04:33]} a6 {[%clk 01:33:05]}
{[%emt 00:00:23]} 12. Re1 {[%clk 01:27:51]} {[%emt 00:01:59]} Bd6 {[%clk
01:31:32]} {[%emt 00:02:02]} 13. h3 {[%clk 01:26:42]} {[%emt 00:01:39]} Bh2+
{[%clk 01:30:16]} {[%emt 00:01:46]} 14. Kh1 {[%clk 01:26:21]} {[%emt 00:00:51]}
Bf4 {[%clk 01:30:36]} {[%emt 00:00:09]} 15. Nf5 {[%clk 00:44:31]} {[%emt
01:36:36]} O-O {[%clk 01:28:26]} 16. Ne7+ {[%clk 00:43:05]} Kh8 {[%clk
01:28:44]} 17. Nxc8 {[%clk 00:42:25]} Raxc8 {[%clk 01:29:05]} 18. Qf3 {[%clk
00:39:10]} Bxc1 19. Raxc1 {[%clk 00:39:30]} Rfd8 {[%clk 01:25:19]} 20. Red1
{[%clk 00:28:51]} h6 {[%clk 01:19:17]} 21. c4 {[%clk 00:24:20]} Qc6 {[%clk
01:19:17]} 22. Qxc6 {[%clk 00:24:20]} Rxc6 {[%clk 01:19:17]} 23. Be2 {[%clk
00:24:20]} Rcd6 {[%clk 01:19:17]} 24. Rxd6 {[%clk 00:24:20]} Rxd6 {[%clk
01:19:17]} 25. Rd1 {[%clk 00:24:20]} Rxd1+ {[%clk 01:19:17]} 26. Bxd1 {[%clk
00:24:20]} Ne4 {[%clk 01:19:17]} 27. Kg1 {[%clk 00:24:20]} a5 {[%clk 01:19:17]}
28. Bc2 {[%clk 00:24:20]} Nc5 {[%clk 01:13:23]} {[%emt 00:12:40]} 29. Kf1
{[%clk 00:07:31]} {[%emt 00:01:15]} Kg8 {[%clk 01:13:47]} {[%emt 00:00:07]} 30.
Ke2 {[%clk 00:06:48]} {[%emt 00:01:12]} Kf8 {[%clk 01:14:10]} {[%emt 00:00:07]}
31. Kd2 {[%clk 00:06:29]} {[%emt 00:00:50]} Ke7 {[%clk 01:14:16]} {[%emt
00:00:24]} 32. a3 {[%clk 00:06:14]} {[%emt 00:00:44]} b6 {[%clk 01:13:27]}
{[%emt 00:01:19]} 33. b4 {[%clk 00:06:18]} {[%emt 00:00:26]} axb4 {[%clk
01:13:49]} {[%emt 00:00:09]} 34. axb4 {[%clk 00:06:43]} {[%emt 00:00:05]} Na6
{[%clk 01:14:01]} {[%emt 00:00:18]} 35. Kc3 {[%clk 00:07:07]} {[%emt 00:00:05]}
Kd6 {[%clk 01:14:25]} {[%emt 00:00:07]} 36. Bd3 {[%clk 00:02:42]} {[%emt
00:04:56]} Nc7 {[%clk 01:14:17]} {[%emt 00:00:37]} 37. Kd4 {[%clk 00:01:14]}
{[%emt 00:01:58]} e5+ {[%clk 01:14:12]} {[%emt 00:00:35]} 38. Ke4 {[%clk
00:01:14]} {[%emt 00:00:30]} Ne6 {[%clk 01:14:28]} {[%emt 00:00:14]} 39. h4
{[%clk 00:00:50]} {[%emt 00:00:55]} g6 {[%clk 01:13:39]} {[%emt 00:01:19]} 40.
g4 {[%clk 00:00:46]} {[%emt 00:00:33]} Nf4 {[%clk 01:11:14]} {[%emt 00:02:55]}
41. Bf1 {[%clk 00:27:41]} {[%emt 00:03:35]} Ke6 {[%clk 01:40:43]} {[%emt
00:01:01]} 42. g5 {[%clk 00:27:27]} {[%emt 00:00:43]} hxg5 {[%clk 01:39:35]}
{[%emt 00:01:40]} 43. hxg5 {[%clk 00:27:51]} {[%emt 00:00:05]} Kd6 {[%clk
01:38:56]} {[%emt 00:01:09]} 44. c5+ {[%clk 00:27:10]} {[%emt 00:01:11]} bxc5
{[%clk 01:38:10]} {[%emt 00:01:17]} 45. bxc5+ {[%clk 00:27:37]} {[%emt
00:00:03]} Ke7 {[%clk 01:26:15]} {[%emt 00:12:25]} 46. Bc4 {[%clk 00:04:26]}
{[%emt 00:23:40]} Nh3 {[%clk 01:25:20]} {[%emt 00:01:25]} 47. Kxe5 {[%clk
00:04:47]} {[%emt 00:00:10]} Nxg5 {[%clk 01:25:10]} {[%emt 00:00:40]} 48. Kd5
{[%clk 00:03:30]} {[%emt 00:01:47]} Kd7 {[%clk 01:24:48]} {[%emt 00:00:52]} 49.
Bb5+ {[%clk 00:02:44]} {[%emt 00:01:16]} Kc7 {[%clk 01:25:01]} {[%emt
00:00:17]} 50. Ke5 {[%clk 00:02:02]} {[%emt 00:01:12]} f6+ {[%clk 01:25:10]}
{[%emt 00:00:21]} 51. Kd5 {[%clk 00:01:19]} {[%emt 00:01:13]} Nh3 {[%clk
01:25:25]} {[%emt 00:00:15]} 52. Ke4 {[%emt 00:00:36]} 1/2-1/2

[Event "Deutsche Ländermeisterschaft 2023"]
[Site "Hannover GER"]
[Date "2023.10.02"]
[Round "3"]
[White "Fuhrmann, Bahne"]
[Black "Hecht, Jonas Christian"]
[Result "1-0"]
[Termination "normal"]
[Board "5.3"]
[WhiteElo "2097"]
[BlackElo "1999"]
[WhiteClock "00:12:13"]
[BlackClock "00:03:42"]
[WhiteTeam "Hamburg"]
[BlackTeam "Baden"]
[PlyCount "143"]
[WhiteFideId "16244842"]
[BlackFideId "16214846"]
[EventCountry "GER"]
[EventRounds "7"]
[EventType "team-swiss"]
[EventDate "2023.09.30"]

1. d4 {[%clk 01:30:59]} Nf6 {[%clk 01:30:54]} {[%emt 00:00:07]} 2. c4 {[%clk
01:31:26]} {[%emt 00:00:03]} e6 {[%clk 01:31:19]} {[%emt 00:00:04]} 3. g3
{[%clk 01:31:53]} {[%emt 00:00:03]} d5 {[%clk 01:31:45]} {[%emt 00:00:04]} 4.
Bg2 {[%clk 01:32:20]} {[%emt 00:00:03]} Be7 {[%clk 01:31:53]} {[%emt 00:00:21]}
5. Nf3 {[%clk 01:32:46]} {[%emt 00:00:04]} O-O {[%clk 01:31:53]} {[%emt
00:00:30]} 6. O-O {[%clk 01:33:10]} {[%emt 00:00:06]} Nbd7 {[%clk 01:31:35]}
{[%emt 00:00:47]} 7. Qc2 {[%clk 01:33:34]} {[%emt 00:00:06]} c6 {[%clk
01:31:38]} {[%emt 00:00:27]} 8. Nbd2 {[%clk 01:33:59]} {[%emt 00:00:05]} Re8
{[%clk 01:31:25]} {[%emt 00:00:43]} 9. e4 {[%clk 01:33:57]} {[%emt 00:00:32]}
dxe4 {[%clk 01:26:34]} {[%emt 00:05:21]} 10. Nxe4 {[%clk 01:34:22]} {[%emt
00:00:06]} c5 {[%clk 01:11:28]} {[%emt 00:15:35]} 11. Rd1 {[%clk 01:32:36]}
{[%emt 00:02:15]} cxd4 {[%clk 01:08:56]} {[%emt 00:03:03]} 12. Nxd4 {[%clk
01:32:20]} {[%emt 00:00:46]} a6 {[%clk 01:07:09]} {[%emt 00:02:16]} 13. c5
{[%clk 01:17:29]} {[%emt 01:21:07]} e5 {[%clk 00:43:29]} 14. c6 {[%clk
01:14:19]} Nf8 {[%clk 00:22:34]} {[%emt 00:00:02]} 15. cxb7 Bxb7 {[%clk
00:22:00]} 16. Nxf6+ Bxf6 {[%clk 00:22:19]} 17. Nf5 {[%clk 01:02:17]} Qb8
{[%clk 00:17:04]} {[%emt 00:03:58]} 18. Bxb7 {[%clk 01:02:30]} {[%emt
00:00:17]} Qxb7 {[%clk 00:17:30]} {[%emt 00:00:04]} 19. Nd6 {[%clk 01:02:52]}
{[%emt 00:00:08]} Qf3 {[%clk 00:17:06]} {[%emt 00:00:54]} 20. Rd3 {[%clk
01:00:00]} {[%emt 00:03:22]} Qh5 {[%clk 00:16:05]} {[%emt 00:01:30]} 21. Nxe8
{[%clk 01:00:23]} {[%emt 00:00:07]} Rxe8 {[%clk 00:16:33]} {[%emt 00:00:03]}
22. Be3 {[%clk 00:59:54]} {[%emt 00:00:59]} e4 {[%clk 00:12:27]} {[%emt
00:04:36]} 23. Rd6 {[%clk 00:57:16]} {[%emt 00:03:07]} Qh3 {[%clk 00:08:37]}
{[%emt 00:04:21]} 24. Rad1 {[%clk 00:54:45]} {[%emt 00:03:00]} h6 {[%clk
00:06:54]} {[%emt 00:02:13]} 25. Qc6 {[%clk 00:52:38]} {[%emt 00:02:37]} Re5
{[%clk 00:05:09]} {[%emt 00:02:16]} 26. R1d5 {[%clk 00:52:48]} {[%emt
00:00:19]} Qg4 {[%clk 00:02:27]} {[%emt 00:03:12]} 27. Rxe5 {[%clk 00:51:52]}
{[%emt 00:01:26]} Bxe5 {[%clk 00:02:52]} {[%emt 00:00:06]} 28. Rd8 {[%clk
00:51:21]} {[%emt 00:01:01]} Kh7 {[%clk 00:02:20]} {[%emt 00:01:02]} 29. Qxa6
{[%clk 00:42:53]} {[%emt 00:08:58]} Ng6 {[%clk 00:01:15]} {[%emt 00:01:35]} 30.
Qc8 {[%clk 00:38:33]} {[%emt 00:04:50]} f5 {[%clk 00:01:12]} {[%emt 00:00:32]}
31. Kf1 {[%clk 00:38:23]} {[%emt 00:00:41]} Bf6 {[%clk 00:01:08]} {[%emt
00:00:35]} 32. Rd5 {[%clk 00:28:05]} {[%emt 00:10:48]} Ne7 {[%clk 00:00:48]}
{[%emt 00:00:51]} 33. Qd7 {[%clk 00:27:33]} {[%emt 00:01:01]} Nxd5 {[%clk
00:01:12]} {[%emt 00:00:06]} 34. Qxd5 {[%clk 00:28:00]} {[%emt 00:00:04]} Bxb2
{[%clk 00:01:33]} {[%emt 00:00:10]} 35. a4 {[%clk 00:27:22]} {[%emt 00:01:08]}
Bc3 {[%clk 00:01:49]} {[%emt 00:00:14]} 36. h4 {[%clk 00:25:53]} {[%emt
00:01:59]} Qg6 {[%clk 00:00:59]} {[%emt 00:01:19]} 37. Kg2 {[%clk 00:25:57]}
{[%emt 00:00:26]} Qf6 {[%clk 00:00:56]} {[%emt 00:00:34]} 38. h5 {[%clk
00:25:06]} {[%emt 00:01:21]} Bb4 {[%clk 00:00:35]} {[%emt 00:00:51]} 39. a5
{[%clk 00:24:47]} {[%emt 00:00:49]} Qa6 {[%clk 00:00:32]} {[%emt 00:00:33]} 40.
Qxf5+ {[%clk 00:25:03]} {[%emt 00:00:14]} Kh8 {[%clk 00:00:46]} {[%emt
00:00:15]} 41. Bb6 {[%clk 00:23:37]} {[%emt 00:01:56]} Bc3 {[%clk 00:18:30]}
{[%emt 00:12:45]} 42. Qf8+ {[%clk 00:53:48]} {[%emt 00:00:20]} Kh7 {[%clk
00:18:54]} {[%emt 00:00:06]} 43. Qf5+ {[%clk 00:54:13]} {[%emt 00:00:05]} Kh8
{[%clk 00:19:15]} {[%emt 00:00:09]} 44. Qd7 {[%clk 00:44:18]} {[%emt 00:10:25]}
e3 {[%clk 00:11:31]} {[%emt 00:08:13]} 45. Qe8+ {[%clk 00:13:48]} {[%emt
00:31:00]} Kh7 {[%clk 00:11:46]} {[%emt 00:00:15]} 46. Qg6+ {[%clk 00:14:17]}
{[%emt 00:00:01]} Kh8 {[%clk 00:10:06]} {[%emt 00:02:10]} 47. Qe8+ {[%clk
00:14:42]} {[%emt 00:00:06]} Kh7 {[%clk 00:10:32]} {[%emt 00:00:04]} 48. Qxe3
{[%clk 00:15:08]} {[%emt 00:00:04]} Bxa5 {[%clk 00:09:44]} {[%emt 00:01:18]}
49. Qe4+ {[%clk 00:15:34]} {[%emt 00:00:05]} Kh8 {[%clk 00:09:51]} {[%emt
00:00:22]} 50. Qe8+ {[%clk 00:16:03]} {[%emt 00:00:02]} Kh7 {[%clk 00:10:15]}
{[%emt 00:00:06]} 51. Qe4+ {[%clk 00:16:25]} {[%emt 00:00:07]} Kh8 {[%clk
00:10:40]} {[%emt 00:00:05]} 52. Bd4 {[%clk 00:16:51]} {[%emt 00:00:04]} Qd6
{[%clk 00:04:33]} {[%emt 00:06:36]} 53. Be5 {[%clk 00:16:47]} {[%emt 00:00:35]}
Qd8 {[%clk 00:03:17]} {[%emt 00:01:44]} 54. Qc6 {[%clk 00:15:35]} {[%emt
00:01:44]} Qg5 {[%clk 00:00:40]} {[%emt 00:03:07]} 55. Qa8+ {[%clk 00:15:58]}
{[%emt 00:00:07]} Qd8 {[%clk 00:00:58]} {[%emt 00:00:13]} 56. Qc6 {[%clk
00:16:23]} {[%emt 00:00:04]} Qg5 {[%clk 00:01:24]} {[%emt 00:00:04]} 57. Qa8+
{[%clk 00:13:03]} {[%emt 00:03:50]} Qd8 {[%clk 00:01:44]} {[%emt 00:00:10]} 58.
Qb7 {[%clk 00:13:31]} {[%emt 00:00:03]} Qf8 {[%clk 00:01:05]} {[%emt 00:01:09]}
59. Bxg7+ {[%clk 00:11:06]} {[%emt 00:02:55]} Qxg7 {[%clk 00:01:12]} {[%emt
00:00:23]} 60. Qa8+ {[%clk 00:11:32]} {[%emt 00:00:03]} Kh7 {[%clk 00:01:00]}
{[%emt 00:00:42]} 61. Qxa5 {[%clk 00:11:44]} {[%emt 00:00:18]} Qb7+ {[%clk
00:01:22]} {[%emt 00:00:08]} 62. Kh2 {[%clk 00:10:35]} {[%emt 00:01:38]} Qf3
{[%clk 00:01:45]} {[%emt 00:00:08]} 63. Qc7+ {[%clk 00:10:58]} {[%emt
00:00:07]} Kh8 {[%clk 00:02:02]} {[%emt 00:00:13]} 64. Qb8+ {[%clk 00:11:20]}
{[%emt 00:00:08]} Kh7 {[%clk 00:02:04]} {[%emt 00:00:27]} 65. Qc7+ {[%clk
00:10:48]} {[%emt 00:01:02]} Kh8 {[%clk 00:02:27]} {[%emt 00:00:08]} 66. Qe5+
{[%clk 00:11:01]} {[%emt 00:00:17]} Kh7 {[%clk 00:02:12]} {[%emt 00:00:45]} 67.
Qe7+ {[%clk 00:11:26]} {[%emt 00:00:04]} Kh8 {[%clk 00:02:19]} {[%emt
00:00:23]} 68. Qe8+ {[%clk 00:11:52]} {[%emt 00:00:04]} Kh7 {[%clk 00:02:43]}
{[%emt 00:00:07]} 69. Qg6+ {[%clk 00:12:17]} {[%emt 00:00:04]} Kh8 {[%clk
00:03:09]} {[%emt 00:00:04]} 70. Qxh6+ {[%clk 00:12:39]} {[%emt 00:00:08]} Kg8
{[%clk 00:03:36]} {[%emt 00:00:03]} 71. Qg5+ {[%clk 00:12:00]} {[%emt
00:01:10]} Kh7 {[%clk 00:03:42]} {[%emt 00:00:24]} 72. Qf4 {[%clk 00:12:13]}
{[%emt 00:00:17]} 1-0

[Event "Deutsche Ländermeisterschaft 2023"]
[Site "Hannover GER"]
[Date "2023.10.02"]
[Round "3"]
[White "Basovskiy, Jana"]
[Black "Hubert, Charlotte"]
[Result "0-1"]
[Termination "normal"]
[Board "5.4"]
[WhiteElo "1846"]
[BlackElo "1850"]
[WhiteClock "00:00:48"]
[BlackClock "00:01:19"]
[WhiteTeam "Baden"]
[BlackTeam "Hamburg"]
[PlyCount "78"]
[WhiteFideId "16208617"]
[BlackFideId "16265920"]
[EventCountry "GER"]
[EventRounds "7"]
[EventType "team-swiss"]
[EventDate "2023.09.30"]

1. e4 {[%clk 01:30:59]} {[%emt 11:59:21]} c5 {[%clk 01:30:47]} {[%emt
00:00:13]} 2. Nf3 {[%clk 01:31:25]} {[%emt 00:00:04]} d6 {[%clk 01:31:06]}
{[%emt 00:00:10]} 3. Bb5+ {[%clk 01:31:52]} {[%emt 00:00:04]} Nd7 {[%clk
01:31:24]} {[%emt 00:00:12]} 4. d4 {[%clk 01:32:12]} {[%emt 00:00:11]} cxd4
{[%clk 01:31:48]} {[%emt 00:00:07]} 5. Qxd4 {[%clk 01:32:35]} {[%emt 00:00:06]}
a6 {[%clk 01:32:02]} {[%emt 00:00:17]} 6. Bxd7+ {[%clk 01:21:39]} {[%emt
00:11:26]} Bxd7 {[%clk 01:32:17]} {[%emt 00:00:14]} 7. Nc3 {[%clk 01:21:58]}
{[%emt 00:00:11]} e5 {[%clk 01:32:37]} {[%emt 00:00:10]} 8. Qd3 {[%clk
01:21:36]} {[%emt 00:00:51]} Rc8 {[%clk 01:32:41]} {[%emt 00:00:27]} 9. O-O
{[%clk 01:16:23]} {[%emt 00:05:42]} h6 {[%clk 01:33:02]} {[%emt 00:00:09]} 10.
Be3 {[%clk 01:09:50]} {[%emt 00:07:03]} Nf6 {[%clk 01:30:19]} {[%emt 00:03:12]}
11. h3 {[%clk 01:07:11]} {[%emt 01:23:48]} Be7 {[%clk 01:27:09]} 12. Rfd1
{[%clk 00:57:37]} Be6 {[%clk 01:20:18]} 13. Rac1 {[%clk 00:55:01]} Qc7 {[%clk
01:10:42]} 14. Nd2 {[%clk 00:50:53]} Qc6 {[%clk 01:03:18]} 15. Qe2 {[%clk
00:42:46]} O-O {[%clk 01:00:22]} 16. Qf3 {[%clk 00:40:32]} d5 {[%clk 00:48:29]}
17. exd5 {[%clk 00:40:32]} Nxd5 {[%clk 00:48:29]} 18. Nxd5 Bxd5 {[%clk
00:46:27]} 19. Qg3 {[%clk 00:41:31]} Qe6 {[%clk 00:36:04]} {[%emt 00:07:42]}
20. c4 {[%clk 00:32:43]} {[%emt 00:09:18]} Bc6 {[%clk 00:36:26]} {[%emt
00:00:09]} 21. Nf3 {[%clk 00:30:18]} {[%emt 00:02:54]} Bd6 {[%clk 00:35:12]}
{[%emt 00:01:43]} 22. Nh2 {[%clk 00:23:08]} {[%emt 00:07:40]} Kh8 {[%clk
00:27:00]} {[%emt 00:08:42]} 23. b3 {[%clk 00:21:15]} {[%emt 00:02:24]} f5
{[%clk 00:26:21]} {[%emt 00:01:09]} 24. f4 {[%clk 00:20:00]} {[%emt 00:01:45]}
Rf6 {[%clk 00:24:17]} {[%emt 00:02:34]} 25. Nf3 {[%clk 00:10:05]} {[%emt
00:10:25]} Rg6 {[%clk 00:20:32]} {[%emt 00:04:14]} 26. Qf2 {[%clk 00:10:32]}
{[%emt 00:00:03]} exf4 {[%clk 00:17:23]} {[%emt 00:03:39]} 27. Bd4 {[%clk
00:11:00]} {[%emt 00:00:02]} Rg3 {[%clk 00:15:35]} {[%emt 00:02:18]} 28. Rc3
{[%clk 00:09:38]} {[%emt 00:01:53]} Bb4 {[%clk 00:12:47]} {[%emt 00:03:18]} 29.
Rcd3 {[%clk 00:09:35]} {[%emt 00:00:32]} Be4 {[%clk 00:12:30]} {[%emt
00:00:47]} 30. Qe2 {[%clk 00:06:13]} {[%emt 00:03:52]} Re8 {[%clk 00:10:25]}
{[%emt 00:02:35]} 31. Bf2 {[%clk 00:05:47]} {[%emt 00:00:56]} Rg6 {[%clk
00:04:27]} {[%emt 00:06:28]} 32. Rd7 {[%clk 00:05:42]} {[%emt 00:00:35]} Qc6
{[%clk 00:04:04]} {[%emt 00:00:52]} 33. Kh2 {[%clk 00:03:59]} {[%emt 00:02:14]}
Kh7 {[%clk 00:03:24]} {[%emt 00:01:09]} 34. Nh4 {[%clk 00:03:31]} {[%emt
00:00:58]} Rge6 {[%clk 00:01:24]} {[%emt 00:02:30]} 35. Qb2 {[%clk 00:03:49]}
{[%emt 00:00:12]} Be7 {[%clk 00:00:59]} {[%emt 00:00:54]} 36. R1d2 {[%clk
00:02:52]} {[%emt 00:01:27]} Bf6 {[%clk 00:00:51]} {[%emt 00:00:38]} 37. Qa3
{[%clk 00:01:41]} {[%emt 00:01:41]} f3 {[%clk 00:00:40]} {[%emt 00:00:41]} 38.
R2d6 {[%clk 00:01:06]} {[%emt 00:01:05]} Be5+ {[%clk 00:00:57]} {[%emt
00:00:13]} 39. Kg1 {[%clk 00:00:48]} {[%emt 00:00:48]} Bxd6 {[%clk 00:01:19]}
{[%emt 00:00:07]} 0-1